000
00207nam a22000857a 4500
001
1301039
005
20260427113542.0
245
_a
KENDİNİ ASLAN SANAN ŞOLA
_c
BERNARDO ATXAGA
260
_b
GÜNIŞIĞI YAYINLARI
999
_c
1301039
_d
1301039